书目信息 |
| 题名: |
堂吉诃德
|
|
| 作者: | 塞万提斯 著 | |
| 分册: | ||
| 出版信息: | 北京 人民文学出版社 1978.03 |
|
| 页数: | 481页 | |
| 开本: | 32开 | |
| 丛书名: | ||
| 单 册: | ||
| 中图分类: | I551.44 | |
| 科图分类: | ||
| 主题词: | 文学 | |
| 电子资源: | ||
| ISBN: | 7-02-001690-1 | |
| 000 | 00545nam0 2200193 45 | |
| 001 | 0010221503 | |
| 005 | 20140608155350.10 | |
| 010 | @a7-02-001690-1@d30.00元 | |
| 100 | @a20001022d1978 km y0chiy0120 ea | |
| 101 | 0 | @achi |
| 105 | @a z 000yy | |
| 200 | 1 | @a堂吉诃德@Atang ji he de@f(西班牙)塞万提斯著@F(Xi Ban Ya)Sai Wan Ti Si Zhu |
| 210 | @a北京@c人民文学出版社@d1978.03 | |
| 215 | @a481页@d32开 | |
| 606 | 0 | @a文学 |
| 690 | @aI551.44@v3 | |
| 701 | 0 | @a塞万提斯@4著 |
| 801 | @aCN@bPftUser@c20001022 | |
| 905 | @b182553-555@dI551.44@eS849@f3 | |
| 堂吉诃德/(西班牙)塞万提斯著.-北京:人民文学出版社,1978.03 |
| 481页;32开 |
| ISBN 7-02-001690-1:30.00元 |
| ● |
| 相关链接 |
|
|
|
正题名:堂吉诃德
索取号:I551.44/S849
 
预约/预借
| 序号 | 登录号 | 条形码 | 馆藏地/架位号 | 状态 | 备注 |
| 1 | 182550 | 201825506 | 社科二线422/422社科库 31排4列2层/ [索取号:I551.44/S849] | 在馆 | |
| 2 | 182551 | 201825515 | 社科二线422/422社科库 31排4列2层/ [索取号:I551.44/S849] | 在馆 | |
| 3 | 182552 | 201825524 | 社科二线422/422社科库 32排4列2层/ [索取号:I551.44/S849] | 在馆 | |
| 4 | 182553 | 201825533 | 文学库116/ [索取号:I551.44/S849] | 在馆 | |
| 5 | 182554 | 201825542 | 社科二线400B/400B社科库 28排2列6层/ [索取号:I551.44/S849] | 在馆 | |
| 6 | 182555 | 201825551 | 文学库116/400B社科库 26排4列3层/ [索取号:I551.44/S849] | 在馆 | |
| 7 | 597109 | 205971091 | 社科二线400B/400B社科库 28排3列1层/ [索取号:I551.44/S849] | 在馆 |